书目信息 |
| 题名: |
文学语言中介论
|
|
| 作者: | 王汶成 著 | |
| 分册: | ||
| 出版信息: | 济南 山东大学出版社 2002 |
|
| 页数: | 350页 | |
| 开本: | 20cm | |
| 丛书名: | 文艺学前沿理论研究书系 | |
| 单 册: | ||
| 中图分类: | I045 | |
| 科图分类: | ||
| 主题词: | 文学语言--研究 , CT--S078639--文学语言 | |
| 电子资源: | ||
| ISBN: | 7-5607-2218-0 | |
| 000 | 00943oam2 2200265 45 | |
| 001 | 012002038280 | |
| 005 | 20061114090716.07 | |
| 010 | @a7-5607-2218-0@dCNY22.00 | |
| 100 | @a20020508d2002 em y0chiy0110 ea | |
| 101 | 0 | @achi |
| 102 | @aCN@b370000 | |
| 105 | @ay z 000yy | |
| 200 | 1 | @a文学语言中介论@9wen xue yu yan zhong jie lun@f王汶成著 |
| 210 | @a济南@c山东大学出版社@d2002 | |
| 215 | @a350页@d20cm | |
| 225 | 2 | @a文艺学前沿理论研究书系 |
| 314 | @a王汶成,原籍山东临沂,生于山东新汶,山东大学文学院副教授,文艺学研究所所长,著有《文学语言中介论》。 | |
| 330 | @a本书介绍了对象的界定及方法论、文学观、语言观前提,语言在文学中的地位,文学语言的结构,文学语言的特性,文学语言的文体类型等内容。 | |
| 461 | 0 | @12001 @a文艺学前沿理论研究书系 |
| 606 | 0 | @a文学语言@x研究 |
| 606 | 0 | @2CT@3S078639@a文学语言 |
| 690 | @aI045@v4 | |
| 701 | 0 | @a王汶成@9wang wen cheng@4著 |
| 801 | 0 | @aCN@bNLC@c20061114 |
| 905 | @a10447@dI045@e128 | |
| 文学语言中介论/王汶成著.-济南:山东大学出版社,2002 |
| 350页;20cm.-(文艺学前沿理论研究书系) |
| ISBN 7-5607-2218-0:CNY22.00 |
| 本书介绍了对象的界定及方法论、文学观、语言观前提,语言在文学中的地位,文学语言的结构,文学语言的特性,文学语言的文体类型等内容。 |
| ● |
| 相关链接 |
|
|
|
|
正题名:文学语言中介论
索取号:I045/128
 
预约/预借
| 序号 | 登录号 | 条形码 | 馆藏地/架位号 | 状态 | 备注 |
| 1 | 0382614 | 203826146 | 第一样本阅览室/ [索取号:I045/128] | 在馆 | |
| 2 | 0382615 | 203826155 | 第二借阅区/ [索取号:I045/128] | 在馆 | |
| 3 | 0382616 | 203826164 | 第二借阅区/ [索取号:I045/128] | 在馆 | |
| 4 | 0382617 | 203826173 | 第二借阅区/ [索取号:I045/128] | 在馆 | |
| 5 | 0382618 | 203826182 | 第二借阅区/ [索取号:I045/128] | 在馆 |